Rozpočet Slovenska 91:150 miliárd V sobotu zasadala vláda Slovenskej republiky

Bibliographic Details
Format: Article
Language:Slovak
Subjects:

MARC

LEADER 00000nab a2200000 a 4500
001 vtls000397609
003 SK-MaSNL
005 20260302232048.0
008 111202c1990 xo 0 slo
015 |a SNBRB19rr/mm-uuuuu 
035 |a CL0397733 
040 |a SNKBUCL  |b slo  |c SNKBUCL  |e AACR2 
041 0 |a slo 
044 |a xo  |c SK 
080 |a 328.1 (437.6)  |2 1981 
245 0 0 |a Rozpočet Slovenska 91:150 miliárd  |b V sobotu zasadala vláda Slovenskej republiky 
650 0 7 |a vláda Slovenskej republiky  |2 snkbucl  |9 898250 
651 7 |a 5100  |2 snkbucl  |9 166206 
655 7 |a články z novín a časopisov  |2 snkbucl  |9 267496 
773 0 |t Národná obroda  |g Roč. 1, č. 166 (26. 11. 1990), s. 1 a 3 
850 |a Slovenská národná knižnica v Martine  |a MTA001 
852 |a SNK  |b KIS3GCP 
958 |a RK 
992 |a RBX 
999 |c 1541283  |d 1543213